Dogs in animation - Statistics

General Stats
  • This quiz has been taken 80 times
    74 since last reset
  • The average score is 12 of 27
Answer Stats
Clue Answer % Correct
Cocker Spaniel who shares a spaghetti meal with Tramp. Lady
84%
Mickey’s pooch, named after a dwarf planet in our solar system. Pluto
81%
Charlie Brown’s beagle. Snoopy
81%
Great Dane, loves a snack! Scooby-Doo
78%
Wallace's mute but ingenious side-kick. Gromit
76%
A Big. Red. Dog. Clifford
74%
Struggling writer and family pet of the Griffin family. Brian
67%
Garfield's best pal. Odie
67%
Simpson's pet, adopted from the greyhound track. Santa's Little Helper
64%
Annoying young pup, nephew of above. Scrappy-Doo
64%
Clumsy and dim-witted dog, loyal to The Jetsons. Astro
59%
Father to the 101 Dalmations Pongo
59%
Anita's pet, mum to 15 puppies, adoptive mum to 84 more! Perdita
45%
Squirrel!! Dug
36%
TinTin’s little white Wire Fox Terrier. Snowy
34%
Often appeared alongside Tom and Jerry, quite possessive about his bone! Spike/Butch
33%
Disney dog that has superpowers, or does he? Bolt
29%
Andy's pet in the Toy Story movies. Buster
29%
Dick Dastardly's snickering hound. Muttley
29%
Psychotic Chihuahua who lives with his best friend, a Manx cat. Ren
22%
Katie's dog who lives in New York City, in the 'Secret Life of Pets'. Max
21%
Gru's despicable pet. Kyle
17%
Voiced by Homer, this character from Itchy & Scratchy was killed off very quickly. Poochie
17%
The Magic Roundabout star, (named Pollux in the french version!). Dougal
12%
Dog that upholds the law in the Mississippi area of the U.S. Deputy Dawg
7%
Also known as the janitor Penry. Hong Kong Phooey
7%
An Old English Sheepdog in 'Jamie and the Magic Torch'. Remember that!? Wordsworth
3%
No matching quizzes found
Score Distribution
Percent of People with Each Score
Percentile by Number Answered
Your Score History
You have not taken this quiz since the last reset